Former FCSG Players with the highest current Market Value - Statistiken

Allgemein
  • Dieses Quiz wurde 5 mal gespielt
  • Das Durchschnittsergebnis liegt bei 5 aus 13
Antwortstatistiken
Hint Antwort % Korrekt
2 mio. Cedric Itten
80%
22 mio. Ermedin Demirovic
80%
2,2 mio. Isaac Schmidt
60%
18 mio. Emmanuel Latte Lath
40%
6 mio. Junior Adamu
40%
3,5 mio. Kwadwo Duah
40%
5 mio. Leonodas Stergio
40%
3 mio. Miro Muheim
40%
2 mio. Majeed Ashimeru
20%
10 mio. Mattia Zanotti
20%
4 mio. Vincent Sierro
20%
3 mio. Daouda Guindo
0%
4,5 mio.. Dereck Kutesa
0%
Keine übereinstimmenden Quizze gefunden
Verteilung der Resultate
Anzahl Personen mit jedem Resultat
Perzentil nach korrekt beantworteten Fragen
Ihre Resultats-Entwicklung
Sie haben dieses Quiz noch nicht gespielt